Missing Word: Best Director A-Z Quiz Stats

Quiz Updated Mar 2, 2016

Challenge
Share
Tweet
Embed
Score 0/22 Timer 03:00
1 Play Today
Director Answer % Correct
_____ Costner (K)Kevin
96.4%
_____ Scorsese (M)Martin
94.6%
_____ Stone (O)Oliver
92.4%
_____ Polanski (R)Roman
89.8%
_____ Lee (A)Ang
86.5%
_____ Ford (J)John
70.8%
_____ Kazan (E)Elia
65.4%
Kathryn _____ (B)Bigelow
61%
_____ Fleming (V)Victor
59.2%
Robert _____ (Z)Zemeckis
57.6%
Sydney _____ (P)Pollack
54.2%
Director Answer % Correct
Miloš _____ (F)Forman
50.5%
Jonathan _____ (D)Demme
50.4%
_____ Roy Hill (G)George
50.1%
Mike _____ (N)Nichols
48.1%
Barry _____ (L)Levinson
42.8%
Steven _____ (S)Soderbergh
38.4%
Alejandro _____ (I)Iñárritu
24.8%
_____ Reed (C)Carol
22.8%
Robert _____ (W)Wise
22.4%
Tom _____ (H)Hooper
21.3%
_____ Richardson (T)Tony
19.1%

Today's Daily Dose

You're not logged in!

Compare scores with friends on all Sporcle quizzes.
Join for Free
OR
Log In

You Might Also Like...

Show Comments

Extras

Top Quizzes Today


Score Distribution

Your Account Isn't Verified!

In order to create a playlist on Sporcle, you need to verify the email address you used during registration. Go to your Sporcle Settings to finish the process.

Report this User

Report this user for behavior that violates our Community Guidelines.

Details: